000 01197cam a22003377a 4500
003 CHAP
005 20220329141147.0
008 971010s1986 r 00010 d
010 _a63616
011 _a64588
035 _a70298
040 _cCHAP
082 _a632.951
_bP5Y
100 0 0 _aPalestina, R.
_984920
245 0 _aPrevención, diagnóstico y tratamiento de intoxicaciones por insecticidas
260 _aMetepec, Méx. :
_bCentro Panamericano de Ecología,
_c1986
300 _a129 p.
590 _aBATCH-UPD
_b10
_c20130110
_lUCH01
_h0459
590 _aBATCH-UPD
_b10
_c20130110
_lUCH01
_h2239
590 _aBATCH-UPD
_b10
_c20130410
_lUCH01
_h0136
590 _aBATCH-UPD
_b10
_c20130914
_lUCH01
_h1647
590 _aCONVERSION
_b10
_c20130109
_lUCH01
_h1334
650 1 4 _aInsecticidas
_xToxicidad.
_958882
710 0 _aCentro Panamericano de Ecología Humana y Salud.
_921257
710 0 _aOrganización Mundial de la Salud.
_983555
710 0 _aOrganización Panamericana de la Salud.
_983557
901 _aBK
942 _cLIBRO
949 _a632.951 P5
_bPA
_cLIBRO
_d-2629
_eLIBRO
_h1806
_i70298
_si
949 _a632.951 P5Y
_bBC
_cLIBRO
_d33724000611513
_eLIBRO
_gI.c/e
_h70666
_i70298
_si
999 _c63616
_d63616